Liczby 1-10 po włosku - Statystyki

Ogólne statystyki
  • Ten quiz został rozwiązany 31 razy
  • Średni wynik to 8 z 10
Statystyki odpowiedzi
Polski Włoski % Poprawnych
Cztery Quattro
100%
Trzy Tre
100%
Jeden Uno
100%
Dwa Due
92%
Pięć Cinque
88%
Siedem Sette
81%
Osiem Otto
73%
Sześć Sei
73%
Dziewięć Nove
69%
Dziesięć Dieci
62%
Nie znaleziono quizów pasujących do podanych kryteriów
Rozkład punktacji
Procent ludzi z każdym wynikiem
Percentyl według liczby udzielonych odpowiedzi
Twoja historia wyników
Nie rozwiązałeś tego quizu